00573nam a22001697a 450000500170000000800410001701700570005802000180011504000130013308200200014610000200016624501030018625000090028926000520029830000230035065000300037320240530110442.0150328s2012 ua g 000 f ara d a2012/3099bمصر . دار الكتب المصرية a9789770931103 aEG-CaGPL04221a817\bب س0 aبلال فضل10aست الحاجة مصر : bمحاولة لم هم ما يتلم فى كتاب /cبلال فضل aط2. aالقاهرة : bدار الشروق ،c2012 a164 ص ؛c20 سم04aالقصص العربية